00995cam a22002531 450000100090000000300040000900500170001300800410003001000170007101500140008803500180010204000430012004200120016305000210017508200200019610000500021624500550026626000850032130000470040650001770045350400300063060000450066071000360070510271623OSt20170208091720.0720817s1956 nyuac bc 000 0beng  a 56000322  aGB56-9295 a(OCoLC)384752 aDLCcOClUdOCoLCdTxLTdOCoLCdUkdDLC apremarc00aND237.B89B3 1956 a927.5a[759.13]1 aBaur, John I. H.q(John Ireland Howe),d1956.00aCharles Burchfield.c[Research by Rosalind Irvine] aNew York,bPublished for the Whitney Museum of American Art by Macmillan,c1956. a86 p.b75 illus. (part col.) port.c27 cm. a"This book grew out of a retrospective exhibition of Charles Burchfield's paintings and drawings, held at the Whitney Museum of American Art in January and February, 1956." aBibliography: p. [82]-85.10aBurchfield, Charles Ephraim,d1893-1967.2 aWhitney Museum of American Art.